al-Taʼmīn al-ijtimāʻī, (Record no. 45600)
[ view plain ]
| 000 -LEADER | |
|---|---|
| fixed length control field | 00704cam a22002291 4500 |
| 001 - CONTROL NUMBER | |
| control field | ne 63000369 |
| 003 - CONTROL NUMBER IDENTIFIER | |
| control field | DLC |
| 005 - DATE AND TIME OF LATEST TRANSACTION | |
| control field | 20260227111742.0 |
| 008 - FIXED-LENGTH DATA ELEMENTS--GENERAL INFORMATION | |
| fixed length control field | 881102s1962 ua b 000 0 ara |
| 010 ## - LIBRARY OF CONGRESS CONTROL NUMBER | |
| LC control number | ne 63000369 |
| 035 ## - SYSTEM CONTROL NUMBER | |
| System control number | (OCoLC)23519593 |
| 040 ## - CATALOGING SOURCE | |
| Original cataloging agency | DLC |
| Transcribing agency | MiU |
| Modifying agency | CU |
| -- | DLC |
| 042 ## - AUTHENTICATION CODE | |
| Authentication code | premarc |
| 043 ## - GEOGRAPHIC AREA CODE | |
| Geographic area code | f-ua--- |
| 050 00 - LIBRARY OF CONGRESS CALL NUMBER | |
| Classification number | HD7239 |
| Item number | .I76 1962 |
| 100 1# - MAIN ENTRY--PERSONAL NAME | |
| Personal name | ʻĪsá, Muḥammad Ṭalʻat. |
| 245 13 - TITLE STATEMENT | |
| Title | al-Taʼmīn al-ijtimāʻī, |
| Remainder of title | falsafatuhu wa-taṭbīqātuh. |
| 260 ## - PUBLICATION, DISTRIBUTION, ETC. | |
| Place of publication, distribution, etc. | al-Qāhirah, |
| Name of publisher, distributor, etc. | Maktabat al-Qāhirah al-Ḥadīthah |
| Date of publication, distribution, etc. | [1962] |
| 300 ## - PHYSICAL DESCRIPTION | |
| Extent | 364 p. |
| Dimensions | 24 cm. |
| 504 ## - BIBLIOGRAPHY, ETC. NOTE | |
| Bibliography, etc. note | Includes bibliographical references (p. 367-384). |
| 650 #0 - SUBJECT ADDED ENTRY--TOPICAL TERM | |
| Topical term or geographic name entry element | Social security |
| Geographic subdivision | United Arab Republic. |
No items available.